El libro de las virtudes del indio

Guardat en:
Dades bibliogràfiques
Autor principal: Palafox y Mendoza, Juan de (autor)
Format: Llibre
Idioma:espanyol
Publicat: Ciudad de México Secretaría de Educación Pública 1950
Col·lecció:Biblioteca Enciclopédica Popular Tercera Epoca, 219
Matèries:
Etiquetes: Afegir etiqueta
Sense etiquetes, Sigues el primer a etiquetar aquest registre!

MARC

LEADER 00000nam a2200000 a 4500
001 UCO2873
003 CL-VaPUC
008 000608e19500000MX |||||||||||||||||spa|d
082 0 4 |a 980.013  |b PAL  |2 21 
100 |a Palafox y Mendoza, Juan de  |e autor  |9 446574 
245 1 3 |a El libro de las virtudes del indio 
300 |a 141 p 
942 |c BK 
945 |d 20000608 00:00:00  |a rherrera 
260 |a Ciudad de México  |b Secretaría de Educación Pública  |c 1950 
650 0 |a Historia de América  |9 266076 
650 7 |a DESCUBRIMIENTO DE AMERICA  |2 CL-VaPUC  |9 446575 
650 0 |a Indios de América del Sur  |9 255272 
650 0 |a Pueblos de América  |9 446252 
650 0 |a Derecho Indiano  |9 256266 
651 0 |a América  |9 255182 
583 |a last modification  |c 20000608 00:00:00  |k Rodrigo Vera 
490 0 |a Biblioteca Enciclopédica Popular Tercera Epoca, 219 
999 |c 289365  |d 289363 
952 |0 0  |1 0  |4 0  |6 980_013000000000000_PAL_1950  |7 0  |8 A  |9 337700  |a BIBHIS  |b BIBHIS  |d 2019-11-20  |i 1288504  |l 4  |o 980.013 PAL 1950  |p 1288504  |r 2025-01-20  |s 2020-10-06  |w 2019-11-20  |y BK  |k HIS